000
00303nam a2200121Ia 4500
008
241028s9999 xx 000 0 und d
041
_a
eng
082
_a
650.142 KEN
100
_a
Kennedy
245
_a
Job Search Letters For Dummies
260
_b
Wiley India
_a
New Delhi
_c
2013
300
_a
340;. P. 23 cm
999
_c
43057
_d
43057